000 00660nam a2200217 u 4500
005 20240831063737.0
008 101019s2006 es r 000 0 spa d
020 _a8426361161
035 _aUPN01000178239
049 _aI
050 4 _aPZ74.7
_bG6.5
100 1 _aGómez Cerdá, Alfredo,
_d1951-
_931112
245 1 3 _aEl monstruo y la bibliotecaria /
_cAlfredo Gómez Cerdá ; il. Carmen Queralt.
260 _aZaragoza, Esp. :
_bEdelvives,
_cc2006.
300 _a74 p. :
_bil.
440 0 _aAla delta.
_pAzul ;
_v54
650 4 _aCuentos infantiles españoles
_97725
650 4 _aCUENTOS HUMORISTICOS
_911283
905 _aInfantil
999 _c150342
_d150342